| 000 | 00452nam a2200169Ia 4500 | ||
|---|---|---|---|
| 003 | GCL | ||
| 008 | 140319s9999 xx 000 0 ara d | ||
| 040 |
_aGCL / _cGCL |
||
| 082 | 0 | 4 |
_a366.1 _bم م |
| 100 | 1 | _aمحمد على الزعبى | |
| 245 | 1 | 0 |
_aالماسونية فى العراء / _cمحمد على الزعبى |
| 260 |
_a[S.N] : _bدار الجيل |
||
| 300 | _a212 | ||
| 490 | _a | ||
| 650 | 0 | 4 | _aالماسونية |
| 942 |
_2ddc _cBK |
||
| 999 |
_c53792 _d53792 |
||